书目信息 |
| 题名: |
数学建模
|
|
| 作者: | 沈继红 编 | |
| 分册: | ||
| 出版信息: | 哈尔滨 哈尔滨船泊工程学院出版社 1998.01 |
|
| 页数: | 353页 | |
| 开本: | 20cm | |
| 丛书名: | ||
| 单 册: | ||
| 中图分类: | O141.4 | |
| 科图分类: | ||
| 主题词: | 数理逻辑 , 数学基础 | |
| 电子资源: | ||
| ISBN: | 7-81007-680-9 | |
| 000 | 00577nam0 2200205 45 | |
| 001 | 0461201712 | |
| 005 | 2004092717000166 | |
| 010 | @a7-81007-680-9@dCNY 13.00 | |
| 100 | @a20040927d1998 km y0chiy0120 ea | |
| 101 | 0 | @achi |
| 102 | @aCN@b230000 | |
| 200 | 1 | @a数学建模@AShu Xue Jian Mo@f沈继红等编@FShen Ji Hong Deng Bian |
| 210 | @a哈尔滨@c哈尔滨船泊工程学院出版社@d1998.01 | |
| 215 | @a353页@d20cm | |
| 606 | 0 | @a数理逻辑 |
| 606 | 0 | @a数学基础 |
| 690 | @aO141.4@v4 | |
| 701 | 0 | @a沈继红@AShen Ji Hong@4编 |
| 801 | 0 | @aCN@bPFT@c20040927 |
| 905 | @a平顶山工学院@dO141.4@eS392 | |
| 数学建模/沈继红等编.-哈尔滨:哈尔滨船泊工程学院出版社,1998.01 |
| 353页;20cm |
| ISBN 7-81007-680-9:CNY 13.00 |
| ● |
| 相关链接 |
|
|
|
正题名:数学建模
索取号:O141.4/S392
 
预约/预借
| 序号 | 登录号 | 条形码 | 馆藏地/架位号 | 状态 | 备注 |
| 1 | 396889 | 203968894 | 数理学院资料室/ [索取号:O141.4/S392] | 在馆 | |
| 2 | 396890 | 203968901 | 自科库401/401自科库 40排3列3层/ [索取号:O141.4/S392] | 在馆 | |
| 3 | 396891 | 203968910 | 自科库401/401自科库 40排3列3层/ [索取号:O141.4/S392] | 在馆 |